| 000 | 02452nam0a2200385 i 4500 | ||
|---|---|---|---|
| 001 | RU\NLR\bibl\1941653 | ||
| 005 | 20240921135346.0 | ||
| 010 |
_a9785939324236 _9100 |
||
| 021 |
_aRU _b2012-59801 _94387 |
||
| 035 | _a(nilc)LIBNET\0000257811 | ||
| 035 | _a(NLR Aleph) 001930924 | ||
| 090 |
_a3434603 _c3434603 |
||
| 100 | _a20120716d2011 u y0rusy50 ca | ||
| 101 | 0 | _arus | |
| 102 | _aRU | ||
| 105 | _ay ||||||||| | ||
| 200 | 1 |
_aАдминистративное право. Правонарушения в сфере предпринимательской деятельности _eучебное пособие для высшего профессионального образования _fБ. П. Носков, В.Е. Трофимов _gМ-во образования и науки Рос. Федерации, ФГБОУ ВПО "Гос. ун-т. - учеб.-науч.-произв. комплекс" |
|
| 210 |
_aОрел _cФГОУ ВПО "Госуниверситет - УНПК" _d2011 |
||
| 215 |
_a123 с. _d21 |
||
| 300 | _aНа 4-й с. обл. авт.: Носков Б.П. - к.ю.н., проф., Трофимов В.Е. - соискатель учен. степени к.ю.н. | ||
| 320 | _aБиблиогр.: с. 112-122 и в подстроч. примеч. | ||
| 517 | 0 | _aПравонарушения в сфере предпринимательской деятельности | |
| 606 | 1 |
_aПредпринимательство _jУчебные издания для высших учебных заведений _xАдминистративно-правовое регулирование _yРоссийская Федерация _92341465 _3RU\NLR\auth\661399545 |
|
| 606 | 1 |
_aПредпринимательство _jУчебные издания для высших учебных заведений _xАдминистративные правонарушения _yРоссийская Федерация _92266448 _3RU\NLR\auth\661358618 |
|
| 686 |
_a67.401.041я73 _vLBC/RL _2rubbk |
||
| 686 | _aХ621.14я73 | ||
| 686 | _aХ621.033.21я73 | ||
| 700 | 1 |
_aНосков _bБ. П. _gБорис Петрович _4070 |
|
| 701 | 1 |
_aТрофимов _bВ. Е. _gВасилий Евгеньевич _4070 |
|
| 801 | 0 |
_aRU _bОрловская ОПБ _c20120716 _grcr |
|
| 801 | 1 |
_aRU _bОрловская ОПБ _c20120716 _grcr _2rusmarc |
|
| 801 | 2 |
_aRU _bNLR _c20120905 _grcr |
|
| 942 | _cBOOK | ||
| 980 | _aNBR | ||